Statistics for Least Populous Countries A-Z

Click here to take the quiz!

General Stats

  • This quiz has been taken 66,200 times
    (14,497 since last reset)
  • The average score is 17 of 24

Answer Stats

Population Answer % Correct
V801Vatican City
94%
Y29,800,000Yemen
90%
Q2,880,000Qatar
89%
Z14,900,000Zimbabwe
88%
O5,110,000Oman
87%
A77,000Andorra
86%
P18,100Palau
82%
N10,800Nauru
82%
T11,800Tuvalu
82%
M39,200Monaco
78%
L38,100Liechtenstein
77%
S33,900San Marino
74%
F896,000Fiji
73%
K119,000Kiribati
72%
R12,900,000Rwanda
72%
J2,960,000Jamaica
66%
I341,000Iceland
65%
U3,470,000Uruguay
65%
B287,000Barbados
63%
G113,000Grenada
60%
H9,660,000Hungary
57%
D72,000Dominica
55%
C556,000Cape Verde
46%
E1,160,000Eswatini
41%

Score Distribution

Percentile by Number Answered

Percent of People with Each Score

Your Score History

You have not taken this quiz since the last reset